[Event "HUN-chT2 Erkel 0607"]
[Site "Hungary"]
[Date "2007.05.20"]
[Round "11"]
[White "Kadas, Gabor"]
[Black "Horvath, Gabor"]
[Result "0-1"]
[WhiteElo "2208"]
[BlackElo "2237"]
[PlyCount "78"]
[EventDate "2006.11.12"]
[EventType "team"]
[EventRounds "11"]
[EventCountry "HUN"]
[SourceTitle "EXT 2008"]
[Source "ChessBase"]
[SourceDate "2007.11.25"]
[SourceVersion "1"]
[SourceVersionDate "2007.11.25"]
[SourceQuality "1"]
[WhiteTeam "Ujszasz"]
[BlackTeam "MAFC"]
[WhiteTeamCountry "HUN"]
[BlackTeamCountry "HUN"]

1. d4 Nf6 2. c4 g6 3. Nc3 Bg7 4. e4 d6 5. Be2 0-0 6. g4 c5 7. g5 Nfd7 8. d5 a6 9. a4 f5 10. gxf6 Nxf6 11. h4 Nbd7 12. h5 gxh5 13. Bxh5 Ne5 14. Be2 e6 15. f4 Nf7 16. dxe6 Bxe6 17. Qd3 b5 18. cxb5 axb5 19. Nxb5 c4 20. Qe3 Re8 21. Nf3 Bd5 22. Rg1 Bxe4 23. Rxg7+ Kxg7 24. Qg1+ Kh8 25. Be3 Qa5+ 26. Nc3 Bxf3 27. Bxf3 Rxe3+ 28. Qxe3 Re8 29. Qxe8+ Nxe8 30. Bd5 Nh6 31. 0-0-0 Qc5 32. Kb1 Nf6 33. Be6 Nf5 34. Nb5 Ne4 35. Rd5 Qg1+ 36. Ka2 Ne3 37. Nxd6 Nxd5 38. Nf7+ Kg7 39. Bxd5 Nd2 0-1

[Event "HUN-chT2 Erkel 0607"]
[Site "Hungary"]
[Date "2007.05.06"]
[Round "10"]
[White "Sinka, Istvan"]
[Black "Kadas, Gabor"]
[Result "1/2-1/2"]
[WhiteElo "2300"]
[BlackElo "2208"]
[PlyCount "73"]
[EventDate "2006.11.12"]
[EventType "team"]
[EventRounds "11"]
[EventCountry "HUN"]
[SourceTitle "EXT 2008"]
[Source "ChessBase"]
[SourceDate "2007.11.25"]
[SourceVersion "1"]
[SourceVersionDate "2007.11.25"]
[SourceQuality "1"]
[WhiteTeam "Szekuritas"]
[BlackTeam "Ujszasz"]
[WhiteTeamCountry "HUN"]
[BlackTeamCountry "HUN"]

1. e4 a6 2. d4 c5 3. c3 e6 4. Nf3 cxd4 5. cxd4 Nf6 6. Nc3 d5 7. e5 Ne4 8. Bd3 Bb4 9. 0-0 Nxc3 10. bxc3 Be7 11. Rb1 Nc6 12. Qa4 Qa5 13. Qc2 h6 14. Bd2 Qd8 15. c4 dxc4 16. Qxc4 Qd5 17. Qa4 b5 18. Bxb5 axb5 19. Qxa8 0-0 20. Rfc1 Bd7 21. Qa6 Nxd4 22. Nxd4 Qxd4 23. Bc3 Qe4 24. Qb6 Bc6 25. f3 Qd5 26. Bd4 Be8 27. Qa7 Bg5 28. Rd1 Bc6 29. Qc5 Ra8 30. Qxd5 Bxd5 31. Rxb5 Rxa2 32. Rb2 Be3+ 33. Kh1 Ra3 34. Bxe3 Rxe3 35. f4 g5 36. fxg5 hxg5 37. Kg1 1/2-1/2

[Event "HUN-chT2 Erkel 0607"]
[Site "Hungary"]
[Date "2007.03.25"]
[Round "7"]
[White "Ortel, Endre"]
[Black "Kadas, Gabor"]
[Result "1/2-1/2"]
[WhiteElo "2311"]
[BlackElo "2208"]
[PlyCount "30"]
[EventDate "2006.11.12"]
[EventType "team"]
[EventRounds "11"]
[EventCountry "HUN"]
[SourceTitle "EXT 2008"]
[Source "ChessBase"]
[SourceDate "2007.11.25"]
[SourceVersion "1"]
[SourceVersionDate "2007.11.25"]
[SourceQuality "1"]
[WhiteTeam "Foti"]
[BlackTeam "Ujszasz"]
[WhiteTeamCountry "HUN"]
[BlackTeamCountry "HUN"]

1. e4 d6 2. d4 c6 3. Nc3 g6 4. Nf3 Bg7 5. Be2 h6 6. 0-0 Nd7 7. h3 a6 8. a4 b6 9. Be3 a5 10. Qd2 g5 11. Rfd1 Qc7 12. Nh2 e5 13. dxe5 dxe5 14. Qd6 Qxd6 15. Rxd6 Bb7 1/2-1/2

[Event "HUN-chT2 Erkel 0506"]
[Site "Hungary"]
[Date "2006.04.09"]
[Round "10"]
[White "Kadas, Gabor"]
[Black "Bakos, Balazs"]
[Result "0-1"]
[WhiteElo "2224"]
[BlackElo "2234"]
[PlyCount "78"]
[EventDate "2005.10.16"]
[EventType "team"]
[EventRounds "11"]
[EventCountry "HUN"]
[SourceTitle "EXT 2009"]
[Source "ChessBase"]
[SourceDate "2008.11.26"]
[SourceVersion "1"]
[SourceVersionDate "2008.11.26"]
[SourceQuality "1"]
[WhiteTeam "Ujszasz"]
[BlackTeam "Fuzesabony"]
[WhiteTeamCountry "HUN"]
[BlackTeamCountry "HUN"]

1. d4 Nf6 2. Nf3 g6 3. c4 Bg7 4. Nc3 d5 5. h4 h5 6. Bg5 c6 7. e3 0-0 8. Rc1 Be6 9. cxd5 Nxd5 10. Qd2 Nd7 11. a3 Rc8 12. e4 Nxc3 13. bxc3 Nb6 14. Bh6 c5 15. d5 Bg4 16. Bxg7 Kxg7 17. Ne5 f5 18. c4 Qc7 19. Nxg4 fxg4 20. Bd3 Qe5 21. Rb1 Nxc4 22. Qc1 Nd6 23. 0-0 b6 24. Re1 c4 25. Bc2 Rf4 26. Qe3 Rcf8 27. Rbd1 Rxf2 28. Qxf2 Rxf2 29. Kxf2 Qf4+ 30. Ke2 Qg3 31. Rf1 Qxa3 32. e5 Qb2 33. exd6 Qxc2+ 34. Ke3 exd6 35. Rd4 Qxg2 36. Rdf4 Qxd5 37. Rd4 Qe5+ 38. Re4 Qc3+ 39. Kf4 Qf6+ 0-1

[Event "HUN-chT2 Erkel 0506"]
[Site "Hungary"]
[Date "2006.02.26"]
[Round "8"]
[White "Kadas, Gabor"]
[Black "Toth, Laszlo2222"]
[Result "1-0"]
[WhiteElo "2224"]
[BlackElo "2065"]
[PlyCount "75"]
[EventDate "2005.10.16"]
[EventType "team"]
[EventRounds "11"]
[EventCountry "HUN"]
[SourceTitle "EXT 2009"]
[Source "ChessBase"]
[SourceDate "2008.11.26"]
[SourceVersion "1"]
[SourceVersionDate "2008.11.26"]
[SourceQuality "1"]
[WhiteTeam "Ujszasz"]
[BlackTeam "Paszto"]
[WhiteTeamCountry "HUN"]
[BlackTeamCountry "HUN"]

1. e4 e6 2. Nf3 d5 3. e5 c5 4. b4 cxb4 5. a3 Nc6 6. axb4 Bxb4 7. c3 Be7 8. d4 Bd7 9. Bd3 a6 10. h4 Na7 11. Ng5 Bb5 12. Nxf7 Kxf7 13. Qh5+ Kf8 14. Rh3 Bxd3 15. Rxd3 g6 16. Qg4 Ke8 17. h5 Kd7 18. Rh3 g5 19. h6 Qf8 20. Bxg5 Qf5 21. Qxf5 exf5 22. Bf4 Nb5 23. Ra2 Nc7 24. Bd2 b5 25. Rh5 Ke6 26. f4 Rf8 27. g3 Bd8 28. Bc1 Rf7 29. Nd2 Be7 30. Nb3 b4 31. cxb4 Bxb4+ 32. Bd2 Bf8 33. Ba5 Nxh6 34. Bxc7 Rxc7 35. Rxa6+ Kf7 36. Rf6+ Kg8 37. Nc5 Bxc5 38. dxc5 1-0

[Event "HUN-chT2 Erkel 0506"]
[Site "Hungary"]
[Date "2005.10.16"]
[Round "1"]
[White "Kadas, Gabor"]
[Black "Tornai, Imre"]
[Result "1-0"]
[WhiteElo "2224"]
[BlackElo "2263"]
[PlyCount "93"]
[EventDate "2005.10.16"]
[EventType "team"]
[EventRounds "11"]
[EventCountry "HUN"]
[SourceTitle "EXT 2009"]
[Source "ChessBase"]
[SourceDate "2008.11.26"]
[SourceVersion "1"]
[SourceVersionDate "2008.11.26"]
[SourceQuality "1"]
[WhiteTeam "Ujszasz"]
[BlackTeam "Vaci"]
[WhiteTeamCountry "HUN"]
[BlackTeamCountry "HUN"]

1. d4 d5 2. Nf3 c6 3. c4 Nf6 4. Nc3 e6 5. Bg5 Be7 6. e3 Nbd7 7. cxd5 exd5 8. Bd3 h6 9. Bf4 Nf8 10. Rc1 Ne6 11. Bg3 Ng5 12. Nd2 Bb4 13. 0-0 Bxc3 14. Rxc3 0-0 15. f3 Nh5 16. Bf2 Ne6 17. Re1 f5 18. f4 Qe8 19. Nf3 Nd8 20. Bh4 Nf7 21. Ne5 Nd6 22. g4 Nf6 23. g5 Ng4 24. Rc2 hxg5 25. Bxg5 Nf7 26. Bh4 Nfxe5 27. dxe5 Qh5 28. Bg5 Kf7 29. Rg2 Rh8 30. h4 Be6 31. Rxg4 Qxg4+ 32. Qxg4 fxg4 33. f5 Bc8 34. e6+ Bxe6 35. fxe6+ Kxe6 36. Be2 g3 37. Kg2 Raf8 38. Kxg3 Ke5 39. Bf4+ Ke4 40. Rd1 Kf5 41. Bg4+ Kg6 42. h5+ Kf6 43. Bd6 Re8 44. Rf1+ Kg5 45. Rf5+ Kh6 46. Bf4+ Kh7 47. Rf7 1-0

[Event "Nyiregyhaza op"]
[Site "Nyiregyhaza"]
[Date "2005.07.15"]
[Round "7"]
[White "Pozsonyi, Istvan"]
[Black "Kadas, Gabor"]
[Result "0-1"]
[WhiteElo "2107"]
[BlackElo "2224"]
[PlyCount "64"]
[EventDate "2005.07.09"]
[EventType "swiss"]
[EventRounds "9"]
[EventCountry "HUN"]
[SourceTitle "EXT 2008"]
[Source "ChessBase"]
[SourceDate "2007.11.25"]
[SourceVersion "1"]
[SourceVersionDate "2007.11.25"]
[SourceQuality "1"]

1. d4 d5 2. c4 e5 3. dxe5 d4 4. Nf3 Nc6 5. g3 Nge7 6. Bg2 Ng6 7. Nbd2 Ncxe5 8. 0-0 Be7 9. Nxe5 Nxe5 10. Nf3 Nxf3+ 11. Bxf3 0-0 12. Qd3 Bf6 13. b3 Qe7 14. Bb2 c5 15. b4 Rd8 16. bxc5 Qxc5 17. Ba3 Qe5 18. Be4 Re8 19. Bxh7+ Kh8 20. Rfe1 g6 21. Bxg6 fxg6 22. Qxg6 Bf5 23. Qh5+ Kg7 24. Rad1 Rad8 25. Bb2 Qe4 26. f3 Qe3+ 27. Kg2 Rh8 28. Qxf5 Rxh2+ 29. Kxh2 Qf2+ 30. Kh3 Rh8+ 31. Kg4 Rh4+ 32. gxh4 Qxh4# 0-1

[Event "HUN-chT2 Erkel 0405"]
[Site "Hungary"]
[Date "2005.04.10"]
[Round "10"]
[White "Nogrady, Vilmos"]
[Black "Kadas, Gabor"]
[Result "1-0"]
[WhiteElo "2257"]
[BlackElo "2205"]
[PlyCount "151"]
[EventDate "2004.09.26"]
[EventType "team"]
[EventRounds "11"]
[EventCountry "HUN"]
[SourceTitle "EXT 2009"]
[Source "ChessBase"]
[SourceDate "2008.11.26"]
[SourceVersion "1"]
[SourceVersionDate "2008.11.26"]
[SourceQuality "1"]
[WhiteTeam "Foti"]
[BlackTeam "Ujszasz"]
[WhiteTeamCountry "HUN"]
[BlackTeamCountry "HUN"]

1. e4 c5 2. Nc3 Nc6 3. f4 g5 4. fxg5 h6 5. g6 fxg6 6. Nf3 e6 7. Bc4 Bg7 8. 0-0 Nge7 9. d3 d5 10. Bb3 0-0 11. Bd2 Kh7 12. Qe1 Nd4 13. Nxd4 cxd4 14. Rxf8 Qxf8 15. Ne2 dxe4 16. dxe4 Nc6 17. Nf4 e5 18. Nd3 Qe7 19. Qg3 Be6 20. Rf1 Bxb3 21. axb3 Rc8 22. Qg4 Rc7 23. h3 Nd8 24. Nb4 Qe6 25. Qh4 Nf7 26. Qf2 Nd6 27. Qf3 a5 28. Nd5 Rxc2 29. Bxa5 Rc8 30. Bb4 Rf8 31. Qe2 Rxf1+ 32. Kxf1 Nf7 33. Kg1 Qc6 34. Be7 h5 35. Qd3 Qc1+ 36. Qf1 Qxf1+ 37. Kxf1 Bh6 38. Ke2 Bc1 39. Ba3 g5 40. Kd3 Kg6 41. Ne7+ Kf6 42. Nd5+ Ke6 43. Nc7+ Kd7 44. Nd5 h4 45. Kc2 Bf4 46. Be7 Bg3 47. Kd3 Ke6 48. Kc4 Be1 49. Kd3 Ba5 50. Kc4 Bd8 51. Bb4 b5+ 52. Kd3 Nh6 53. Bd2 Nf5 54. Nb4 Ng3 55. Nc6 Bf6 56. Na7 Nh1 57. Be1 b4 58. Nc6 Be7 59. Kc4 Ng3 60. Bxg3 hxg3 61. Kd3 Bf8 62. Na5 Kf6 63. Nc4 Bg7 64. Nd6 g4 65. hxg4 Kg5 66. Nf5 Bh6 67. Nxg3 Kxg4 68. Nf5 Bc1 69. Ne7 Kg3 70. Nd5 Kxg2 71. Nxb4 Kf3 72. Nc6 Bxb2 73. b4 Ba3 74. b5 Bc5 75. Nxe5+ Kf4 76. Nd7 1-0

[Event "HUN-ch Seniors"]
[Site "Ajka"]
[Date "2005.03.27"]
[Round "7"]
[White "Kadas, Gabor"]
[Black "Fekete, Karoly"]
[Result "1-0"]
[WhiteElo "2282"]
[BlackElo "2123"]
[PlyCount "68"]
[EventDate "2005.03.24"]
[EventType "swiss"]
[EventRounds "7"]
[EventCountry "HUN"]
[SourceTitle "EXT 2008"]
[Source "ChessBase"]
[SourceDate "2007.11.25"]
[SourceVersion "1"]
[SourceVersionDate "2007.11.25"]
[SourceQuality "1"]

1. e4 e6 2. Nf3 d5 3. e5 c5 4. b4 cxb4 5. d4 Nc6 6. a3 b3 7. cxb3 Qb6 8. Nc3 a5 9. Bd3 Bd7 10. Be3 Rc8 11. Na4 Qa7 12. 0-0 b6 13. Qe2 Nge7 14. Nc3 Ng6 15. Nb5 Qb8 16. h4 Be7 17. h5 Nf8 18. Ng5 h6 19. Nh3 Na7 20. Nxa7 Qxa7 21. Qg4 f5 22. Qxg7 Rh7 23. Qg8 Kd8 24. Rfc1 Rxc1+ 25. Rxc1 Be8 26. Nf4 Bf7 27. Qg3 Bxa3 28. Rc2 Be8 29. Nxd5 exd5 30. Bxf5 Rc7 31. Bxh6 Rxc2 32. Bxc2 Qf7 33. Bg5+ Be7 34. e6 Nxe6 1-0

[Event "HUN-ch Seniors"]
[Site "Ajka"]
[Date "2005.03.24"]
[Round "1"]
[White "Kadas, Gabor"]
[Black "Farkas, Laszlo"]
[Result "1-0"]
[WhiteElo "2282"]
[BlackElo "2089"]
[PlyCount "107"]
[EventDate "2005.03.24"]
[EventType "swiss"]
[EventRounds "7"]
[EventCountry "HUN"]
[SourceTitle "EXT 2008"]
[Source "ChessBase"]
[SourceDate "2007.11.25"]
[SourceVersion "1"]
[SourceVersionDate "2007.11.25"]
[SourceQuality "1"]

1. d4 Nf6 2. c4 e6 3. a3 b6 4. Nc3 d5 5. Nf3 Bb7 6. Bg5 Be7 7. e3 Nbd7 8. Rc1 a6 9. Bf4 c6 10. cxd5 exd5 11. Ne5 0-0 12. Bd3 c5 13. 0-0 Re8 14. Bg3 c4 15. Bf5 Nf8 16. Re1 g6 17. Bb1 Nh5 18. Qf3 f6 19. Nxc4 Ne6 20. Nd2 Ng5 21. Qd1 Nxg3 22. hxg3 f5 23. Ba2 Qd6 24. f4 Nf7 25. Nf3 Kg7 26. Ne5 Nh6 27. Qb3 Rad8 28. Nd1 Bf6 29. Nf2 g5 30. Rc3 g4 31. Nfd3 Ng8 32. Rec1 Ne7 33. Rc7 Ba8 34. Qa4 a5 35. Bb1 Kg8 36. Rd7 Qe6 37. Rxd8 Rxd8 38. Rc7 h5 39. Qc2 h4 40. Qf2 Qd6 41. Rc3 hxg3 42. Qxg3 Kg7 43. Nxg4 fxg4 44. Qxg4+ Kf8 45. Ne5 Bb7 46. Qh5 Qe6 47. Qh6+ Ke8 48. f5 Nxf5 49. Qg6+ Kf8 50. Bxf5 Qe7 51. Rc7 Qxc7 52. Qxf6+ Kg8 53. Be6+ Kh7 54. Qg6+ 1-0

[Event "HUN-chT2 Erkel 0405"]
[Site "Hungary"]
[Date "2005.03.06"]
[Round "9"]
[White "Kadas, Gabor"]
[Black "Schrancz, Istvan"]
[Result "1/2-1/2"]
[WhiteElo "2205"]
[BlackElo "2285"]
[PlyCount "23"]
[EventDate "2004.09.26"]
[EventType "team"]
[EventRounds "11"]
[EventCountry "HUN"]
[SourceTitle "EXT 2009"]
[Source "ChessBase"]
[SourceDate "2008.11.26"]
[SourceVersion "1"]
[SourceVersionDate "2008.11.26"]
[SourceQuality "1"]
[WhiteTeam "Ujszasz"]
[BlackTeam "Szekuritas"]
[WhiteTeamCountry "HUN"]
[BlackTeamCountry "HUN"]

1. d4 d5 2. Nf3 Nf6 3. Bf4 c5 4. e3 Nc6 5. c3 Bg4 6. Be2 e6 7. Nbd2 cxd4 8. Nxd4 Bxe2 9. Qxe2 Nxd4 10. cxd4 Bd6 11. Qb5+ Qd7 12. Qxd7+ 1/2-1/2

[Event "HUN-chT2 Erkel 0405"]
[Site "Hungary"]
[Date "2004.12.19"]
[Round "6"]
[White "Kadas, Gabor"]
[Black "Tornai, Imre"]
[Result "0-1"]
[WhiteElo "2205"]
[BlackElo "2189"]
[PlyCount "78"]
[EventDate "2004.09.26"]
[EventType "team"]
[EventRounds "11"]
[EventCountry "HUN"]
[SourceTitle "EXT 2009"]
[Source "ChessBase"]
[SourceDate "2008.11.26"]
[SourceVersion "1"]
[SourceVersionDate "2008.11.26"]
[SourceQuality "1"]
[WhiteTeam "Ujszasz"]
[BlackTeam "Vaci"]
[WhiteTeamCountry "HUN"]
[BlackTeamCountry "HUN"]

1. h4 Nf6 2. d4 d5 3. Nf3 Bf5 4. Bf4 e6 5. Nbd2 c5 6. e3 Nc6 7. c3 Qb6 8. Qb3 c4 9. Qxb6 axb6 10. Be2 b5 11. Ne5 b4 12. g4 Bc2 13. Bd1 Bxd1 14. Kxd1 Nxe5 15. dxe5 Nxg4 16. Ke2 f6 17. Nf3 h5 18. Bg3 Kf7 19. exf6 gxf6 20. Nd2 b5 21. e4 Bc5 22. f3 Ne5 23. cxb4 Bxb4 24. Bxe5 fxe5 25. a3 Bc5 26. f4 exf4 27. Nf3 Kf6 28. Ng5 d4 29. e5+ Kf5 30. Kf3 d3 31. Rae1 Be3 32. Rxe3 fxe3 33. Kxe3 Kxe5 34. Nf7+ Kd5 35. Nxh8 Rxh8 36. Rg1 Rf8 37. Rg7 Rf5 38. Kd2 Rf2+ 39. Kc1 Kd4 0-1

[Event "HUN-chT2 Erkel 0405"]
[Site "Hungary"]
[Date "2004.11.21"]
[Round "3"]
[White "Kral, Peter"]
[Black "Kadas, Gabor"]
[Result "1/2-1/2"]
[WhiteElo "2222"]
[BlackElo "2205"]
[PlyCount "22"]
[EventDate "2004.09.26"]
[EventType "team"]
[EventRounds "11"]
[EventCountry "HUN"]
[SourceTitle "EXT 2009"]
[Source "ChessBase"]
[SourceDate "2008.11.26"]
[SourceVersion "1"]
[SourceVersionDate "2008.11.26"]
[SourceQuality "1"]
[WhiteTeam "Garancia"]
[BlackTeam "Ujszasz"]
[WhiteTeamCountry "HUN"]
[BlackTeamCountry "HUN"]

1. e4 a6 2. c4 c5 3. Nf3 d6 4. d4 cxd4 5. Nxd4 Nf6 6. Nc3 g6 7. Be2 Bg7 8. Be3 h6 9. 0-0 Nc6 10. Rc1 Bd7 11. f3 0-0 1/2-1/2

[Event "HUN-chT2 Erkel 0405"]
[Site "Hungary"]
[Date "2004.10.10"]
[Round "2"]
[White "Kadas, Gabor"]
[Black "Csoke, Krisztian"]
[Result "1-0"]
[WhiteElo "2205"]
[BlackElo "2243"]
[PlyCount "81"]
[EventDate "2004.09.26"]
[EventType "team"]
[EventRounds "11"]
[EventCountry "HUN"]
[SourceTitle "EXT 2009"]
[Source "ChessBase"]
[SourceDate "2008.11.26"]
[SourceVersion "1"]
[SourceVersionDate "2008.11.26"]
[SourceQuality "1"]
[WhiteTeam "Ujszasz"]
[BlackTeam "Metroepszolg"]
[WhiteTeamCountry "HUN"]
[BlackTeamCountry "HUN"]

1. e4 d6 2. d4 Nf6 3. Nc3 g6 4. Be2 Bg7 5. g4 h6 6. h4 c6 7. f3 Qc7 8. Be3 Nbd7 9. Nh3 Nb6 10. Qd2 Be6 11. b3 0-0-0 12. a4 Bd7 13. a5 Na8 14. b4 Kb8 15. Ra3 Qc8 16. Nf2 Nc7 17. Na4 Nb5 18. Rb3 e5 19. c3 Ne8 20. d5 cxd5 21. exd5 f5 22. gxf5 gxf5 23. f4 Nd4 24. cxd4 Bxa4 25. Rc3 Qd7 26. Rg1 Bb5 27. dxe5 dxe5 28. Bxb5 Qxb5 29. Rc5 Qd7 30. Nd3 exf4 31. Nxf4 Nc7 32. d6 Na6 33. Rd5 Rc8 34. Ne2 Rhe8 35. Rxg7 Qxg7 36. d7 Red8 37. dxc8Q+ Rxc8 38. Rd8 Nc7 39. Bxa7+ Kxa7 40. Rxc8 Qa1+ 41. Qc1 1-0

[Event "Nyiregyhaza op"]
[Site "Nyiregyhaza"]
[Date "2004.07.18"]
[Round "9"]
[White "Gyori, Szabolcs"]
[Black "Kadas, Gabor"]
[Result "1/2-1/2"]
[WhiteElo "2165"]
[BlackElo "2205"]
[PlyCount "59"]
[EventDate "2004.07.10"]
[EventType "swiss"]
[EventRounds "9"]
[EventCountry "HUN"]
[SourceTitle "EXT 2008"]
[Source "ChessBase"]
[SourceDate "2007.11.25"]
[SourceVersion "1"]
[SourceVersionDate "2007.11.25"]
[SourceQuality "1"]

1. Nf3 c6 2. c4 Nf6 3. Nc3 d5 4. cxd5 cxd5 5. d4 Ne4 6. Qb3 e6 7. e3 Nc6 8. Bb5 Bd6 9. Bd2 Bd7 10. Rc1 0-0 11. Bxc6 Bxc6 12. 0-0 Rc8 13. Rfd1 f5 14. Ne5 Qh4 15. Be1 Qh6 16. f4 Bxe5 17. dxe5 g5 18. Nxe4 fxe4 19. Bg3 gxf4 20. Bxf4 Qg6 21. Qb4 a6 22. Qe1 Bb5 23. Rxc8 Rxc8 24. Rc1 Bc6 25. Qg3 Qxg3 26. Bxg3 Rd8 27. Rd1 Bb5 28. Be1 Rc8 29. Bc3 Rf8 30. Bd4 1/2-1/2

[Event "Nyiregyhaza op"]
[Site "Nyiregyhaza"]
[Date "2004.07.17"]
[Round "8"]
[White "Kadas, Gabor"]
[Black "Toth, Norbert"]
[Result "1-0"]
[WhiteElo "2205"]
[BlackElo "1895"]
[PlyCount "45"]
[EventDate "2004.07.10"]
[EventType "swiss"]
[EventRounds "9"]
[EventCountry "HUN"]
[SourceTitle "EXT 2008"]
[Source "ChessBase"]
[SourceDate "2007.11.25"]
[SourceVersion "1"]
[SourceVersionDate "2007.11.25"]
[SourceQuality "1"]

1. e4 e5 2. f4 exf4 3. Nf3 d5 4. exd5 Nf6 5. c4 c6 6. d4 Bb4+ 7. Nc3 cxd5 8. Bxf4 Nc6 9. a3 Bxc3+ 10. bxc3 Qa5 11. cxd5 Nxd5 12. Bd2 0-0 13. Kf2 Nf6 14. Bd3 Qh5 15. Rf1 Bg4 16. Kg1 Rae8 17. Rb1 b6 18. Rb5 Bxf3 19. Rxf3 Qg4 20. Bf5 Qh5 21. Bd3 Qg4 22. Rg5 Qc8 23. Rxf6 1-0

[Event "Nyiregyhaza op"]
[Site "Nyiregyhaza"]
[Date "2004.07.14"]
[Round "5"]
[White "Kadas, Gabor"]
[Black "Szeberenyi, Adam"]
[Result "0-1"]
[WhiteElo "2205"]
[BlackElo "2422"]
[PlyCount "26"]
[EventDate "2004.07.10"]
[EventType "swiss"]
[EventRounds "9"]
[EventCountry "HUN"]
[SourceTitle "EXT 2008"]
[Source "ChessBase"]
[SourceDate "2007.11.25"]
[SourceVersion "1"]
[SourceVersionDate "2007.11.25"]
[SourceQuality "1"]

1. d4 Nf6 2. Nf3 g6 3. c4 Bg7 4. Nc3 d5 5. h4 c6 6. cxd5 cxd5 7. Bf4 Nc6 8. e3 0-0 9. Be2 Qb6 10. Qd2 Bf5 11. Ne5 Nxe5 12. Bxe5 Ne4 13. Nxe4 Bxe5 0-1

[Event "Nyiregyhaza op"]
[Site "Nyiregyhaza"]
[Date "2004.07.10"]
[Round "1"]
[White "Kadas, Gabor"]
[Black "Banszky, Miklos"]
[Result "1-0"]
[WhiteElo "2205"]
[BlackElo "2042"]
[PlyCount "93"]
[EventDate "2004.07.10"]
[EventType "swiss"]
[EventRounds "9"]
[EventCountry "HUN"]
[SourceTitle "EXT 2008"]
[Source "ChessBase"]
[SourceDate "2007.11.25"]
[SourceVersion "1"]
[SourceVersionDate "2007.11.25"]
[SourceQuality "1"]

1. h4 d5 2. d4 Nf6 3. Bf4 Nc6 4. e3 e6 5. Nf3 Be7 6. h5 Ne4 7. Nbd2 Nd6 8. c3 f6 9. Bd3 Nf7 10. Qc2 e5 11. Bxh7 exf4 12. exf4 Qd6 13. g3 Be6 14. 0-0-0 0-0-0 15. Rde1 Nh6 16. Bd3 Kb8 17. b4 a6 18. a4 Bd7 19. Nb3 Nxb4 20. cxb4 Bxa4 21. Qc5 Rhe8 22. Qxd6 Bxd6 23. Nc5 Bxc5 24. bxc5 Ng4 25. Ref1 Bd7 26. Nh4 Nh6 27. Kd2 Bg4 28. c6 Re6 29. cxb7 Kxb7 30. Bg6 Rb6 31. f3 Bd7 32. g4 Be8 33. Re1 Bxg6 34. hxg6 Rd7 35. Re8 Rb4 36. Kc3 Rc4+ 37. Kd3 c5 38. g5 Rxd4+ 39. Kc2 fxg5 40. fxg5 Ng4 41. fxg4 Rxg4 42. Nf3 Rc7 43. Rf8 Rg2+ 44. Kd3 Re7 45. Rf7 Rge2 46. Re1 c4+ 47. Kd4 1-0

[Event "HUN-ch Seniors"]
[Site "Ajka"]
[Date "2004.04.10"]
[Round "5"]
[White "Kaposztas, Miklos"]
[Black "Kadas, Gabor"]
[Result "1/2-1/2"]
[WhiteElo "2245"]
[BlackElo "2229"]
[PlyCount "21"]
[EventDate "2004.04.08"]
[EventType "swiss"]
[EventRounds "7"]
[EventCountry "HUN"]
[SourceTitle "EXT 2008"]
[Source "ChessBase"]
[SourceDate "2007.11.25"]
[SourceVersion "1"]
[SourceVersionDate "2007.11.25"]
[SourceQuality "1"]

1. c4 Nf6 2. Nf3 e6 3. g3 d5 4. Bg2 c6 5. b3 g6 6. Bb2 Bg7 7. 0-0 0-0 8. d3 Nbd7 9. Qc2 Re8 10. Nbd2 e5 11. e4 1/2-1/2

[Event "Salgotarjan op"]
[Site "Salgotarjan"]
[Date "2004.03.06"]
[Round "5"]
[White "Ruszin, Tibor"]
[Black "Kadas, Gabor"]
[Result "1/2-1/2"]
[WhiteElo "2081"]
[BlackElo "2220"]
[PlyCount "120"]
[EventDate "2004.03.04"]
[EventType "swiss"]
[EventRounds "7"]
[EventCountry "HUN"]
[SourceTitle "EXT 2008"]
[Source "ChessBase"]
[SourceDate "2007.11.25"]
[SourceVersion "1"]
[SourceVersionDate "2007.11.25"]
[SourceQuality "1"]

1. Nf3 d5 2. c4 d4 3. e3 Nc6 4. exd4 Nxd4 5. Nxd4 Qxd4 6. Nc3 c6 7. d3 e5 8. Be3 Qd8 9. Be2 Nf6 10. 0-0 Be7 11. Qb3 0-0 12. Rad1 Qc7 13. Ne4 Nd7 14. d4 f5 15. Ng5 Bxg5 16. Bxg5 Kh8 17. d5 Nc5 18. Qa3 b6 19. d6 Qf7 20. Be7 Rg8 21. b4 Ne4 22. c5 Be6 23. f3 Nf6 24. Bxf6 gxf6 25. Rd2 Qg7 26. Rf2 bxc5 27. bxc5 Rab8 28. Rb2 Bd5 29. Bf1 f4 30. Qc3 Rxb2 31. Rxb2 Qf7 32. a4 a5 33. Qxa5 Bxf3 34. Qc7 Qd5 35. d7 Qd4+ 36. Rf2 Be4 37. Qd6 Qxd6 38. cxd6 Rd8 39. g3 Rxd7 40. gxf4 Rxd6 41. fxe5 fxe5 42. Ra2 Bd5 43. Ra3 Rg6+ 44. Kf2 Rf6+ 45. Ke1 Rf7 46. a5 Ra7 47. Kd2 Kg7 48. Kc3 c5 49. a6 Rf7 50. Bh3 Rf3+ 51. Kb2 Rf2+ 52. Kc1 Rxh2 53. Bc8 Rh1+ 54. Kb2 Rh6 55. Kc3 Rb6 56. Ra5 Rb8 57. Rxc5 Ba8 58. Rc7+ Kf6 59. Bb7 Bxb7 60. axb7 h5 1/2-1/2

[Event "HUN-chT2 Erkel 0304"]
[Site "Hungary"]
[Date "2003.12.07"]
[Round "5"]
[White "Kadas, Gabor"]
[Black "Papp Zoltan, Csaba"]
[Result "1/2-1/2"]
[WhiteElo "2224"]
[BlackElo "2270"]
[PlyCount "20"]
[EventDate "2003.09.28"]
[EventType "team"]
[EventRounds "11"]
[EventCountry "HUN"]
[SourceTitle "EXT 2009"]
[Source "ChessBase"]
[SourceDate "2008.11.26"]
[SourceVersion "1"]
[SourceVersionDate "2008.11.26"]
[SourceQuality "1"]
[WhiteTeam "Ujszasz"]
[BlackTeam "Heves"]
[WhiteTeamCountry "HUN"]
[BlackTeamCountry "HUN"]

1. d4 d5 2. Nf3 Nf6 3. Bf4 c6 4. h4 Bf5 5. e3 e6 6. Nbd2 Bd6 7. Ne5 Qe7 8. Be2 h5 9. c3 Qc7 10. g3 Nbd7 1/2-1/2

[Event "HUN-chT2 Erkel 0304"]
[Site "Hungary"]
[Date "2003.11.30"]
[Round "4"]
[White "Pirisi, Gabor"]
[Black "Kadas, Gabor"]
[Result "1-0"]
[WhiteElo "2260"]
[BlackElo "2224"]
[PlyCount "77"]
[EventDate "2003.09.28"]
[EventType "team"]
[EventRounds "11"]
[EventCountry "HUN"]
[SourceTitle "EXT 2009"]
[Source "ChessBase"]
[SourceDate "2008.11.26"]
[SourceVersion "1"]
[SourceVersionDate "2008.11.26"]
[SourceQuality "1"]
[WhiteTeam "Honved II"]
[BlackTeam "Ujszasz"]
[WhiteTeamCountry "HUN"]
[BlackTeamCountry "HUN"]

1. Nf3 d5 2. g3 h5 3. Bg2 Nc6 4. c4 d4 5. d3 e5 6. 0-0 h4 7. Nxh4 Be7 8. Nf3 g5 9. e4 Bg4 10. Nbd2 Qd7 11. Re1 Bh5 12. Nf1 f6 13. a3 a5 14. Bd2 a4 15. b4 Nd8 16. h3 g4 17. Nh4 gxh3 18. Bf3 Bxf3 19. Qxf3 Ne6 20. Nf5 Bf8 21. Nh2 Qf7 22. Ng4 h2+ 23. Nxh2 Qh7 24. Nh4 Ng5 25. Qf5 Qxf5 26. exf5 Bg7 27. Bxg5 fxg5 28. Ng6 0-0-0 29. Nxh8 Bxh8 30. Nf3 Nh6 31. Nxe5 Bf6 32. Nf3 Nxf5 33. Re6 Rf8 34. Rae1 Kd7 35. R6e4 b6 36. Ne5+ Kc8 37. Ng4 Nd6 38. Nxf6 Rxf6 39. Rxd4 1-0